Wszyscy zwycięzcy ligi mistrzów w każdym roku - Statystyki

Ogólne statystyki
  • Ten quiz został rozwiązany 1 024 razy
  • Średni wynik to 50 z 67
Statystyki odpowiedzi
Hint Odpowiedź % Poprawnych
1956 Real Madryt
99%
1957 Real Madryt
99%
1958 Real Madryt
99%
1959 Real Madryt
99%
1960 Real Madryt
99%
1966 Real Madryt
99%
1998 Real Madryt
99%
2000 Real Madryt
99%
2002 Real Madryt
99%
2014 Real Madryt
99%
2016 Real Madryt
99%
2017 Real Madryt
99%
2018 Real Madryt
99%
2022 Real Madryt
99%
1992 FC Barcelona
94%
2006 FC Barcelona
94%
2009 FC Barcelona
94%
2011 FC Barcelona
94%
2015 FC Barcelona
94%
1977 Liverpool
88%
1978 Liverpool
88%
1981 Liverpool
88%
1984 Liverpool
88%
2005 Liverpool
88%
2019 Liverpool
88%
1963 AC Milan
86%
1969 AC Milan
86%
1989 AC Milan
86%
1990 AC Milan
86%
1994 AC Milan
86%
2003 AC Milan
86%
2007 AC Milan
86%
1974 Bayern Monachium
84%
1975 Bayern Monachium
84%
1976 Bayern Monachium
84%
2001 Bayern Monachium
84%
2013 Bayern Monachium
84%
2020 Bayern Monachium
84%
1968 Manchester United
81%
1999 Manchester United
81%
2008 Manchester United
81%
2012 Chelsea
80%
2021 Chelsea
80%
1964 Inter Mediolan
77%
1965 Inter Mediolan
77%
2010 Inter Mediolan
77%
1985 Juventus
69%
1996 Juventus
69%
1987 FC Porto
61%
2004 FC Porto
61%
1997 Borussia Dortmund
60%
1971 Ajax Amsterdam
57%
1972 Ajax Amsterdam
57%
1973 Ajax Amsterdam
57%
1995 Ajax Amsterdam
57%
1961 Benfica
48%
1962 Benfica
48%
1993 Olympique Marsylie
44%
1979 Nottingham Forest
43%
1980 Nottingham Forest
43%
1982 Aston Villa
33%
1967 Celtic Glasgow
29%
1983 Hamburger SV
23%
1970 Feyenoord Rotterdam
16%
1988 PSV Eindhoven
15%
1986 Steua Bucarest
10%
1991 Red Star Belgrad
7%
Nie znaleziono quizów pasujących do podanych kryteriów
Rozkład punktacji
Procent ludzi z każdym wynikiem
Percentyl według liczby udzielonych odpowiedzi
Twoja historia wyników
Nie rozwiązałeś tego quizu